000 00623nam a2200241Ia 4500
003 OSt
005 20221007070842.0
006 a|||||r|||| 00| 0
007 ta
008 221006b |||||||| |||| 00| 0 eng d
024 _a4,869
037 _cTextual
040 _aFLL
_cFLL
_beng
041 _2eng
_aeng
082 _aZ2:83, L7
100 _aKhurana T.D. Au.
_9687837
245 0 _aIndian stamp act
260 _aJaipur
_bBafna book deop. India
_c1977
300 _axxxviii,648p
_ccm.
650 _aIndian stamp
942 _hZ2:83, L7
_cTEXL
_2CC
999 _c1141736
_d1141736